000 00755nam a22002177a 4500
003 UA-OsUOA
001 120092
007 ta
008 20161208b un ||||| |||| 00| 0 ukr d
100 _aВласюк О.С.
090 _a330477)
_bВ58
942 _cSA
040 _aUA-OsUOA
_bfre
_cUA-OsUOA
_dUA-OsUOA
245 _aСоціально-економічний розвиток регіонів України в умовах децентралізації влади: виклики, загрози, нові механізми
300 _aС.5-10
955 _a0
041 _afre
080 _a330477)
773 0 _w120091
_tРегіональна економіка
_dЛьвів
_d2016
_g3
650 7 _a330 Економіка взагалі
_2UDC
999 _c406150
_d406150